Les saints patrons * 2 - Statistiques

Statistiques générales
  • Ce quiz a été pris 66 fois
  • Le résultat moyen est 4 sur 15
Statistiques - réponses
Hint Réponse % Correct
St Sébastien Archers
59%
Ste Barbe Artilleurs et Pompiers
53%
St Bernard Chasseurs alpins
44%
St Michel Parachutistes
41%
St Georges Cavaliers
29%
St Mathieu Douaniers
29%
Ste Geneviève Gendarmes
26%
Ste Antoine Légionnaires
24%
St Martin Policiers
21%
St Maurice Fantassins
18%
St Guillaume Armuriers
15%
St Raphaël Personnel du renseignement
15%
St Eloi Mécaniciens militaires
12%
Ste Clotilde Aviateurs
9%
Vierge Marins militaires
6%
Aucun quiz correspondant
Distribution des résultats
% des personnes avec chaque résultat
Percentile par nombre de réponses
Votre historique - résultats
Vous n’avez pas pris ce quiz